00788nam a2200229 a 450000100060000000300080000600500170001400800410003103500190007204000270009104100080011808200250012610000370015124500560018826000440024430000340028850400370032265000300035994200120038999900170040195201400041865802BD-RjUL20211209081451.0170312s1960 enka b 001 0 eng  a(BD-RjUL)65932 aDLCcPPidBD-RjULbeng aeng a778.31223bLAT 19601 aLawson, Douglas,d-1980.919458714aThe technique of photomicrography /cDouglas Lawson aLondon :bGeorge newnes limited,c1960. axvi, 256 p. :bill. ;c23 cm. aIncludes index and bibliography. 0aPhotomicrography.9184279 2ddccBK c65802d65802 00102ddc40718NFICaRUCLbRUCLcReadingd1964-02-22eZeitlingerg55.00l0o778.31 LAT 1960r2017-03-12 00:00:00tC-1w2017-03-12yBK